The awakening of life /

Bibliographic Details
Main Author: Brinton, Selwyn, 1859-1940
Format: Book
Language:English
Published: London : New York : G. Bell & Sons : C. Scribner's Sons, 1909.
Edition:3d ed.
Series:Brinton, Selwyn, 1859-1940. Renaissance in Italian art ; pt. 1.
Subjects:

MARC

Tag First Indicator Second Indicator Subfields
LEADER 00000cam a2200000 4500
001 in00000200087
005 20151009052638.0
008 770331s1909 enkaf 00010 engmd
010 |a  37006900  
035 |a (OCoLC)02851011 
035 |9 AAW1467AM 
040 |a DLC  |c MIA  |d TXA  |d UtOrBLW 
049 |a TXAM  |c [4166] 
082 0 |a 709.455 
090 |a N6915  |b .B8 pt. 1 1909 
100 1 |a Brinton, Selwyn,  |d 1859-1940. 
245 1 4 |a The awakening of life /  |c by Selwyn Brinton. 
250 |a 3d ed. 
264 1 |a London :  |b G. Bell & Sons :  |a New York :  |b C. Scribner's Sons,  |c 1909. 
300 |a viii, 109 pages, 19 unnumbered leaves of plates :  |b illustrations 
336 |a text  |b txt  |2 rdacontent 
337 |a unmediated  |b n  |2 rdamedia 
338 |a volume  |b nc  |2 rdacarrier 
490 1 |a Brinton, Selwyn John Curwen, 1859- The Renaissance in Italian art ; pt. 1 
500 |a Five blank leaves at end for "Notes of the reader on works mentioned." 
650 0 |a Art  |z Pisa. 
650 0 |a Art  |z Italy  |z Florence. 
650 0 |a Art, Renaissance. 
650 0 |a Artists  |z Italy. 
800 1 |a Brinton, Selwyn,  |d 1859-1940.  |t Renaissance in Italian art ;  |v pt. 1. 
999 |a MARS 
999 f f |s 3545c57d-e3a8-3a87-bec2-d975b9716ee4  |i 0eba4393-1afe-396a-bebb-eb0f894b440f  |t 0 
952 f f |p normal  |a Texas A&M University  |b College Station  |c Sterling C. Evans Library  |d Evans: Library Stacks  |t 0  |e N6915 .B8 pt. 1 1909  |h Library of Congress classification  |i unmediated -- volume  |m A14803395524 
998 f f |a N6915 .B8 pt. 1 1909  |t 0  |l Evans: Library Stacks